Vlaky RailJet otevřou pro ČD novou éru cestování

Poskytovanie prepravných služieb na novej úrovni v diaľkovej osobnej železničnej doprave v Českej republike. Zaradenie nových vysokorýchlostných vlakov do skúšobnej prevádzky. Prepravné služby na vyššej úrovni. Nová epocha pre České dráhy.

Salvato in:
Dettagli Bibliografici
Autore principale: Cempírek, Václav
Natura: Capitolo di libro
Lingua:ceco
Soggetti:
Tags: Aggiungi Tag
Nessun Tag, puoi essere il primo ad aggiungerne!!

MARC

LEADER 00000naa a2200000 4500
001 0184181
005 20231211080345.2
041 0 |a cze 
044 |a CZ 
245 1 0 |a Vlaky RailJet otevřou pro ČD novou éru cestování  |c Václav Cempírek 
520 |a Poskytovanie prepravných služieb na novej úrovni v diaľkovej osobnej železničnej doprave v Českej republike. Zaradenie nových vysokorýchlostných vlakov do skúšobnej prevádzky. Prepravné služby na vyššej úrovni. Nová epocha pre České dráhy. 
610 2 0 |a doprava železničná osobná 
610 2 0 |a služby dopravné 
610 2 0 |a kvalita 
610 2 0 |a Česko 
100 1 |a Cempírek, Václav